Approximating the efficiency gain of tax reforms (Registro nro. 25756)

Detalles MARC
000 -LEADER
fixed length control field 00374 a2200121 4500
001 - CONTROL NUMBER
control field ART_11705
005 - DATE AND TIME OF LATEST TRANSACTION
control field 20260410161859.0
008 - FIXED-LENGTH DATA ELEMENTS--GENERAL INFORMATION
fixed length control field 260409a
100 1# - MAIN ENTRY--PERSONAL NAME
Personal name Green, Jerry R.
245 10 - TITLE STATEMENT
Title Approximating the efficiency gain of tax reforms
700 1# - ADDED ENTRY--PERSONAL NAME
Personal name Sheshinski, Eytan
773 0# - HOST ITEM ENTRY
Title Journal of public economics
Related parts - Vol. 11, Nº 2 (abr. 1979)
Record control number REV11485

No hay ítems disponibles.